| 000 | 00397nam a22001577a 4500 | ||
|---|---|---|---|
| 003 | OSt | ||
| 008 | 230420b |||||||| |||| 00| 0 eng d | ||
| 020 | _a978-981-19-8664-2 | ||
| 041 | _aeng | ||
| 082 |
_a631.45 _bRAJ/SO |
||
| 100 |
_aRajendra singh _95413 |
||
| 245 | _aSoil and water conservation structures design / | ||
| 260 |
_aSingapore : _bSpinger, _c2023. |
||
| 300 | _a450 p. | ||
| 942 | _cBK | ||
| 999 |
_c17653 _d17653 |
||